Constitutional and political history of pakistan (Record no. 572565)
[ view plain ]
| 000 -LEADER | |
|---|---|
| fixed length control field | 00528nam a22001817a 4500 |
| 003 - CONTROL NUMBER IDENTIFIER | |
| control field | CEME |
| 005 - DATE AND TIME OF LATEST TRANSACTION | |
| control field | 20210628203205.0 |
| 008 - FIXED-LENGTH DATA ELEMENTS--GENERAL INFORMATION | |
| fixed length control field | 210122b xxu||||| |||| 00| 0 eng d |
| 020 ## - INTERNATIONAL STANDARD BOOK NUMBER | |
| International Standard Book Number | 978-0-195979756 |
| 040 ## - CATALOGING SOURCE | |
| Transcribing agency | . |
| 082 ## - DEWEY DECIMAL CLASSIFICATION NUMBER | |
| Classification number | 342.5491 HAM |
| 100 ## - MAIN ENTRY--PERSONAL NAME | |
| Personal name | Hamid Khan |
| 9 (RLIN) | 9016 |
| 245 ## - TITLE STATEMENT | |
| Title | Constitutional and political history of pakistan |
| 260 ## - PUBLICATION, DISTRIBUTION, ETC. | |
| Place of publication, distribution, etc. | KARACHI |
| Name of publisher, distributor, etc. | OXFORD UNIVERSITY PRESS |
| Date of publication, distribution, etc. | 2005 |
| 300 ## - PHYSICAL DESCRIPTION | |
| Extent | XVIII,522 P |
| 650 ## - SUBJECT ADDED ENTRY--TOPICAL TERM | |
| Topical term or geographic name entry element | CONSTITUTIONAL HISTORY OF PAKISTAN.POLITICAL HISTORY OF PAKISTAN |
| 9 (RLIN) | 63868 |
| 942 ## - ADDED ENTRY ELEMENTS (KOHA) | |
| Koha item type | Book |
| Source of classification or shelving scheme | |
| Withdrawn status | Lost status | Damaged status | Not for loan | Permanent Location | Current Location | Shelving location | Date acquired | Total Checkouts | Full call number | Barcode | Date last seen | Date last checked out | Price effective from | Koha item type |
|---|---|---|---|---|---|---|---|---|---|---|---|---|---|---|
| College of Electrical & Mechanical Engineering (CEME) | College of Electrical & Mechanical Engineering (CEME) | General Stacks | 07/26/2017 | 1 | 342.5491 HAM | CEME-43693 | 01/27/2026 | 12/22/2022 | 06/28/2021 | Book | ||||
| College of Electrical & Mechanical Engineering (CEME) | College of Electrical & Mechanical Engineering (CEME) | General Stacks | 07/26/2017 | 342.5491 HAM | CEME-43694 | 06/28/2021 | 06/28/2021 | Book |
